Catálogo

SELF-ACCESS (Registro nro. 22618)

Detalles MARC
000 -LEADER
fixed length control field 00445nam a2200169 a 4500
001 - CONTROL NUMBER
control field 22618
005 - DATE AND TIME OF LATEST TRANSACTION
control field 20180713220536.0
008 - FIXED-LENGTH DATA ELEMENTS--GENERAL INFORMATION
fixed length control field 140415s1990 000 0 spa d
020 ## - INTERNATIONAL STANDARD BOOK NUMBER
International Standard Book Number 0194370992
041 ## - LANGUAGE CODE
Language code of text/sound track or separate title spa
082 ## - DEWEY DECIMAL CLASSIFICATION NUMBER
Classification number 428.07
Item number SHE
100 1# - MAIN ENTRY--PERSONAL NAME
Personal name SHEERIN, SUSAN
245 10 - TITLE STATEMENT
Title SELF-ACCESS
260 ## - PUBLICATION, DISTRIBUTION, ETC.
Place of publication, distribution, etc. [s.l.] :
Name of publisher, distributor, etc. OXFORS UNIVERSITY PRESS,
Date of publication, distribution, etc. 1990
300 ## - PHYSICAL DESCRIPTION
Extent 200
650 14 - SUBJECT ADDED ENTRY--TOPICAL TERM
Topical term or geographic name entry element INGLES
General subdivision ENSEANZA
-- ESTUDIANTES EXTRANJEROS
Existencias
Withdrawn status Lost status Source of classification or shelving scheme Damaged status Not for loan Collection code Home library Current library Shelving location Date acquired Source of acquisition Inventory number Total Checkouts Full call number Barcode Date last seen Price effective from Koha item type
    Dewey Decimal Classification     General Biblioteca Karol Wojtyla Biblioteca Karol Wojtyla Sala general 03/12/2013 Compra 151000000000000000042126   428.07 SHE 43227 05/01/2026 03/12/2013 Libro